000 00458nam a2200181Ia 4500
001 23900
005 20260414151008.0
008 260414t1964||||xx |||||||||||||| ||spa||
041 _aESP
082 _a720.92
_bR96
100 _aRussell Hichcock, Henry,
_eAUT
245 0 _aArchitecture of Skidmore, Owings & Merrill, 1997-2008
_b
260 _c1964
300 _a231 páginas :
_c28 cm.
650 _aABD
654 _aCAU
942 _cLIB
_dJUS
_fJUS
_2ddc
_n
999 _c23900
_d23900